| 000 | 01757cam a2200361 a 4500 | ||
|---|---|---|---|
| 999 |
_c232883 _d232883 |
||
| 001 | 3559770 | ||
| 003 | nust | ||
| 005 | 20170224113529.0 | ||
| 008 | 980211s1998 dcuab b i000 0 eng | ||
| 010 | _a 98014646 | ||
| 020 | _a0821341863 | ||
| 040 |
_aDLC _cDLC _dDLC |
||
| 050 | 0 | 0 |
_aHD75.8 _b.R54 1998 |
| 082 | 0 | 0 |
_a338.9 _221 |
| 100 | 2 |
_aRietbergen-McCracken, Jennifer, _d1962- |
|
| 245 | 1 | 0 |
_aParticipation and social assessment : _btools and techniques / _ccompiled by Jennifer Rietbergen-McCracken, Deepa Narayan. |
| 260 |
_aWashington, D.C. : _bInternational Bank for Reconstruction and Development/World Bank, _cc1998. |
||
| 300 |
_ax, 347 p. : _bill., map ; _c28 cm. |
||
| 500 | _a"Toolkit is a revised and updated version of Participatory tools and techniques : a resource kit for participation and social assessment, distributed in June 1997"--Ack. | ||
| 500 | _aAccompanied by one video cassette (VHS) with title: Participatory techniques in action. | ||
| 500 | _aBook and video cassette enclosed in slipcase of 30 x 23 x 6 cm. | ||
| 504 | _aIncludes bibliographical references. | ||
| 650 | 0 |
_aEconomic development projects _xStudy and teaching. |
|
| 650 | 0 |
_aRural development _xStudy and teaching. |
|
| 650 | 0 |
_aCommunity development _xStudy and teaching. |
|
| 650 | 0 |
_aSocial participation _xStudy and teaching. |
|
| 650 | 0 | _aEvaluation research (Social action programs) | |
| 700 | 2 | _aNarayan-Parker, Deepa. | |
| 730 | 0 | _aParticipatory tools and techniques. | |
| 906 |
_a7 _bcbc _corignew _d1 _eocip _f19 _gy-gencatlg |
||
| 942 |
_2ddc _cBK |
||